<?xml version="1.0" encoding="UTF-8"?>
<collection xmlns="http://www.loc.gov/MARC21/slim">
 <record>
  <leader>05926nam a2200325 a 4500</leader>
  <controlfield tag="001">kal1112</controlfield>
  <controlfield tag="003">Gr-AtHEAL</controlfield>
  <controlfield tag="005">20160421093946.0</controlfield>
  <controlfield tag="006">m        d        </controlfield>
  <controlfield tag="008">160413s2015    gr      s           gre|c</controlfield>
  <datafield tag="020" ind1=" " ind2=" ">
   <subfield code="a">9789606032165</subfield>
  </datafield>
  <datafield tag="040" ind1=" " ind2=" ">
   <subfield code="a">GR-AtHEAL</subfield>
   <subfield code="b">gre</subfield>
   <subfield code="c">GR-AtHEAL</subfield>
  </datafield>
  <datafield tag="082" ind1="0" ind2="4">
   <subfield code="a">620.106</subfield>
   <subfield code="2">23</subfield>
  </datafield>
  <datafield tag="100" ind1="1" ind2=" ">
   <subfield code="a">Τσιρίκογλου, Θεόδωρος.</subfield>
   <subfield code="8">1459</subfield>
  </datafield>
  <datafield tag="245" ind1="1" ind2="0">
   <subfield code="a">Ρευστοδυναμικές Μηχανές</subfield>
   <subfield code="h">[Ηλεκτρονικός πόρος] </subfield>
   <subfield code="b">Θεωρητική Προσέγγιση - Εφαρμογές</subfield>
   <subfield code="c">Τσιρίκογλου,Θεόδωρος ; Βλαχογιάννης, Μιχαήλ ; Κριτικός αναγνώστης,Φίλιος, Ανδρόνικος ; Τεχνική επιμέλεια,Στυλιανός, Τηλέμαχος ; Γλωσσική επιμέλεια,Νίκα Ελένη.</subfield>
  </datafield>
  <datafield tag="260" ind1=" " ind2=" ">
   <subfield code="a">Αθήνα :</subfield>
   <subfield code="b">Σύνδεσμος Ελληνικών Ακαδημαϊκών Βιβλιοθηκών,</subfield>
   <subfield code="c">c2015.</subfield>
  </datafield>
  <datafield tag="490" ind1=" " ind2=" ">
   <subfield code="a">Ακαδημαϊκά Ηλεκτρονικά Συγγράμματα και Βοηθήματα Κάλλιπος</subfield>
   <subfield code="8">40</subfield>
  </datafield>
  <datafield tag="520" ind1=" " ind2=" ">
   <subfield code="a">Το σύγγραμμα στοχεύει :1. Στην εξοικείωση του αναγνώστη με τις βασικές παραμέτρους και τους βασικούς νόμους που διέπουν το ανοικτό σύστημα (ροή ρευστού)2. Στην εξοικείωση με τις ρευστοδυναμικές μηχανές (αντλίες, στρόβιλοι, ανεμιστήρες, συμπιεστές, στροβιλοκινητήρες)3. Στην απόκτηση βασικής γνώσης υπολογισμού των μεγεθών που χαρακτηρίζουν τα ροϊκά φαινόμενα καθώς και το σχεδιασμό των ρευστοδυναμικών μηχανών (αντλιών - στροβίλων)Συνοπτικά το σύγγραμμα επιδιώκει να παρουσιάσει με εύληπτο τρόπο : Τους νόμους της συνέχειας, της ενέργειας, της ορμής και της στροφορμής στο ανοικτό ροϊκό σύστημα,Τις ασκούμενες δυνάμεις (άνωση, οπισθέλκουσα) επί κινουμένων επιφανειών ή σωμάτων μέσα σε ρευστό(πτερωτές ανεμοκινητήρων),Την ωστική δύναμη και το μηχανικό βαθμό απόδοσης της έλικας, καθώς και την ωστική δύναμη των στροβιλωθητών και των πυραύλων, Τα είδη των ρευστοδυναμικών μηχανών και την ταξινόμησή τους,Την περιγραφή, λειτουργία και σύγκριση των εμβολοφόρων και περιστροφικών μηχανών,Τη λεπτομερή εξέταση της φυγοκεντρικής αντλίας (θεωρητική προσέγγιση, τρίγωνα ταχυτήτων,δοκιμή, χαρακτηριστικές καμπύλες,το φαινόμενο της σπηλαίωσης και τη συνθήκη αποφυγής της),Το σχεδιασμό, την εγκατάσταση και τη λειτουργία αντλητικού συγκροτήματος, Το σχεδιασμό, την εγκατάσταση και τη λειτουργία φυγοκεντρικών και αξονικών ανεμιστήρων και αεροσυμπιεστών,Το σχεδιασμό και τη λειτουργία των υδροστροβίλων Pelton, Francis και Kaplan (Θεωρία υδροστροβίλων, τρίγωνα ταχυτήτων, χαρακτηριστικές καμπύλες, εγκατάσταση - λειτουργία υδροηλεκτρικής μονάδας),Τα λειτουργικά χαρακτηριστικά και το σχεδιασμό των ατμοστροβίλων,Τη σύγχρονη τεχνολογία των αεριοστροβίλων και την εφαρμογή της στην παραγωγή της ηλεκτρικής ενέργειας, στην υπερπλήρωση των ΜΕΚ και στους αεροπορικούς στροβιλοκινητήρες πρόωσης.Τέλος παρουσιάζονται συνοπτικά στοιχεία που αφορούν στη συμπιεστή ροή, στον αριθμό Mach, στην ισεντροπική ροή αερίου και στα κρουστικά κύματα (κάθετα και πλάγια)</subfield>
  </datafield>
  <datafield tag="650" ind1=" " ind2="0">
   <subfield code="a">Fluid mechanics</subfield>
   <subfield code="8">1628</subfield>
  </datafield>
  <datafield tag="653" ind1=" " ind2=" ">
   <subfield code="a">Στροβιλομηχανές</subfield>
  </datafield>
  <datafield tag="653" ind1=" " ind2=" ">
   <subfield code="a">Τεχνολογία και επιστήμες μηχανικών</subfield>
   <subfield code="a">Ηλεκτρολογία, ενεργειακή τεχνολογία τεχνολογία και μηχανική</subfield>
   <subfield code="a">Υδροηλεκτρική ενέργεια</subfield>
  </datafield>
  <datafield tag="653" ind1=" " ind2=" ">
   <subfield code="a">Τεχνολογία και επιστήμες μηχανικών</subfield>
   <subfield code="a">Αεροναυτική μηχανολογία και τεχνολογία/Αεροναυπηγική</subfield>
  </datafield>
  <datafield tag="653" ind1=" " ind2=" ">
   <subfield code="a">Τεχνολογία και επιστήμες μηχανικών</subfield>
   <subfield code="a">Μηχανολογική μηχανική και τεχνολογία</subfield>
  </datafield>
  <datafield tag="700" ind1="1" ind2=" ">
   <subfield code="a">Βλαχογιάννης, Μιχαήλ;</subfield>
   <subfield code="e">Συγγραφέας</subfield>
   <subfield code="8">1465</subfield>
  </datafield>
  <datafield tag="700" ind1="1" ind2=" ">
   <subfield code="a">Φίλιος, Ανδρόνικος</subfield>
   <subfield code="e">Κριτικός αναγνώστης</subfield>
   <subfield code="8">1466</subfield>
  </datafield>
  <datafield tag="856" ind1="4" ind2="0">
   <subfield code="u">http://hdl.handle.net/11419/1112</subfield>
   <subfield code="z">Πλήρες Κείμενο - Full text</subfield>
  </datafield>
  <datafield tag="907" ind1=" " ind2=" ">
   <subfield code="a">.b25677950</subfield>
   <subfield code="b">12-06-18</subfield>
   <subfield code="c">29-07-16</subfield>
  </datafield>
  <datafield tag="949" ind1=" " ind2=" ">
   <subfield code="0">0</subfield>
   <subfield code="1">0</subfield>
   <subfield code="2">ddc</subfield>
   <subfield code="4">0</subfield>
   <subfield code="6">620_106000000000000_ΤΣΙ</subfield>
   <subfield code="7">0</subfield>
   <subfield code="8">KALL</subfield>
   <subfield code="8">553</subfield>
   <subfield code="d">2016-04-13</subfield>
   <subfield code="r">2016-04-13</subfield>
   <subfield code="w">2016-04-13</subfield>
   <subfield code="z">620.106 ΤΣΙ</subfield>
   <subfield code="o">SEAB KALLIPOS</subfield>
  </datafield>
  <datafield tag="998" ind1=" " ind2=" ">
   <subfield code="a">80</subfield>
   <subfield code="a">01</subfield>
   <subfield code="a">02</subfield>
   <subfield code="a">03</subfield>
   <subfield code="a">04</subfield>
   <subfield code="a">05</subfield>
   <subfield code="a">06</subfield>
   <subfield code="a">07</subfield>
   <subfield code="a">08</subfield>
   <subfield code="a">09</subfield>
   <subfield code="a">10</subfield>
   <subfield code="a">11</subfield>
   <subfield code="a">12</subfield>
   <subfield code="a">13</subfield>
   <subfield code="a">14</subfield>
   <subfield code="a">15</subfield>
   <subfield code="a">16</subfield>
   <subfield code="a">17</subfield>
   <subfield code="a">18</subfield>
   <subfield code="a">19</subfield>
   <subfield code="a">20</subfield>
   <subfield code="a">21</subfield>
   <subfield code="a">22</subfield>
   <subfield code="a">23</subfield>
   <subfield code="a">24</subfield>
   <subfield code="a">25</subfield>
   <subfield code="a">26</subfield>
   <subfield code="b">11-05-17</subfield>
   <subfield code="c">m</subfield>
   <subfield code="d">z  </subfield>
   <subfield code="e">-</subfield>
   <subfield code="f">gre</subfield>
   <subfield code="g">gr </subfield>
   <subfield code="h">0</subfield>
  </datafield>
  <datafield tag="942" ind1=" " ind2=" ">
   <subfield code="2">ddc</subfield>
   <subfield code="c">KALLIPOS</subfield>
  </datafield>
 </record>
</collection>
